Gyárfás Ágnes: Az első magyar bölcsleti mű és története (Bárány Péter: Jelenséges lélek-mény) recenzió
Elmentve itt :
| Szerző: | |
|---|---|
| Adatforrás: | Philobibl |
| Forrásdokumentuma: | Élet és Irodalom 39.1995:4. 15. p. |
| Dokumentumtípus: | Cikk |
| Nyelv: | magyar |
| Kulcsszavak: | filozófia, magyar filozófiatörténet |
| Megjelent: |
1995
|
| LEADER | 00458nab a2200133 c 4500 | ||
|---|---|---|---|
| 001 | bibPHI0030801 | ||
| 005 | 20200924122747.4 | ||
| 008 | 070612s1995 xx hun | ||
| 100 | 1 | |a Bodor Béla | |
| 245 | 1 | 0 | |a Gyárfás Ágnes: Az első magyar bölcsleti mű és története (Bárány Péter: Jelenséges lélek-mény) |b recenzió |c Bodor Béla |
| 260 | |c 1995 | ||
| 695 | |a filozófia, magyar | ||
| 695 | |a filozófiatörténet | ||
| 773 | 0 | |t Élet és Irodalom |g 39.1995:4. 15. p. | |